[Event "Preinscritos IRT Online"]
[Site "Chess.com INT"]
[Date "2020.12.26"]
[Round "1"]
[White "Wong Pages, Juan Diego"]
[Black "Vega, Roberto"]
[Result "1-0"]
[WhiteElo "2159"]
[BlackElo "1540"]
[PlyCount "73"]
[EventDate "2020.12.26"]
[EventType "swiss"]
[EventRounds "11"]
[EventCountry "ECU"]
[SourceTitle "CBM 200 Extra"]
[Source "ChessBase"]
[SourceDate "2021.03.31"]
[SourceVersion "1"]
[SourceVersionDate "2021.03.31"]
[SourceQuality "1"]

1. e4 e5 2. Nf3 Nc6 3. Bc4 Bc5 4. d3 h6 5. Nc3 d6 6. Be3 Bxe3 7. fxe3 Bg4 8. Qe2 Nf6 9. 0-0-0 d5 10. exd5 Na5 11. h3 Bxf3 12. Qxf3 Nxc4 13. dxc4 0-0 14. g4 Nh7 15. h4 Re8 16. Rdg1 Qf6 17. Qg3 Rac8 18. g5 hxg5 19. Ne4 Qg6 20. Nxg5 Nxg5 21. hxg5 Kf8 22. Rh8+ Ke7 23. Qxe5+ Kd7 24. Rxe8 Rxe8 25. Qd4 b6 26. b3 Re4 27. Qd3 f5 28. a4 Qd6 29. Kb2 Qe5+ 30. Qc3 Rxe3 31. Qxe5 Rxe5 32. Rf1 g6 33. Rh1 Kd6 34. Rh6 f4 35. Rxg6+ Kc5 36. c3 f3 37. Rc6# 1-0

[Event "Preinscritos IRT Online"]
[Site "Chess.com INT"]
[Date "2020.12.26"]
[Round "3"]
[White "Wong Pages, Juan Diego"]
[Black "Vergara Loor, James Steven"]
[Result "1-0"]
[WhiteElo "2159"]
[BlackElo "1931"]
[PlyCount "85"]
[EventDate "2020.12.26"]
[EventType "swiss"]
[EventRounds "11"]
[EventCountry "ECU"]
[SourceTitle "CBM 200 Extra"]
[Source "ChessBase"]
[SourceDate "2021.03.31"]
[SourceVersion "1"]
[SourceVersionDate "2021.03.31"]
[SourceQuality "1"]

1. e4 c5 2. Nf3 Nc6 3. d4 cxd4 4. Nxd4 Nf6 5. Nc3 e5 6. Ndb5 d6 7. Bg5 a6 8. Na3 b5 9. Nd5 Be7 10. Bxf6 Bxf6 11. c3 Bg5 12. Nc2 0-0 13. a4 bxa4 14. Ncb4 Nxb4 15. cxb4 Bd7 16. Be2 Bb5 17. 0-0 Qb8 18. Nc3 Bxe2 19. Qxe2 Qxb4 20. Rxa4 Qb3 21. Rfa1 Rab8 22. R4a2 Rb6 23. g3 h6 24. Nd5 Rc6 25. h4 Bd8 26. Rxa6 Rc2 27. Qg4 Rxb2 28. Rxd6 Qc2 29. Rf1 f5 30. exf5 Qc5 31. Rd7 Rf7 32. Rxf7 Kxf7 33. Qg6+ Kg8 34. Qe8+ Qf8 35. Qxe5 Bf6 36. Qe6+ Kh8 37. Nf4 Qg8 38. Ng6+ Kh7 39. Qe4 Qf7 40. Re1 Rb3 41. Qe8 Qxe8 42. Rxe8 Rb1+ 43. Kg2 1-0

[Event "ECU Clasif2 U20"]
[Site "Chess.com INT"]
[Date "2020.12.18"]
[Round "5"]
[White "Jaramillo Arce, David"]
[Black "Wong Pages, Juan Diego"]
[Result "0-1"]
[WhiteElo "1974"]
[BlackElo "1849"]
[PlyCount "68"]
[EventDate "2020.12.18"]
[EventType "swiss"]
[EventRounds "9"]
[EventCountry "ECU"]
[SourceTitle "EXT 2022"]
[Source "ChessBase"]
[SourceDate "2021.10.06"]
[SourceVersion "1"]
[SourceVersionDate "2021.10.06"]
[SourceQuality "1"]

1. d4 Nf6 2. c4 g6 3. g3 Bg7 4. Bg2 d5 5. cxd5 Nxd5 6. Nc3 Nxc3 7. bxc3 0-0 8. Nf3 c5 9. 0-0 Nc6 10. Be3 Bg4 11. d5 Bxf3 12. Bxf3 Ne5 13. Bg2 Rc8 14. Qb3 b6 15. Rac1 Ng4 16. Bf4 c4 17. Qc2 Rc5 18. Rfd1 Nf6 19. e4 Nd7 20. Be3 Ra5 21. f4 Nc5 22. Bf1 Qc7 23. e5 Rc8 24. Rd4 b5 25. Rcd1 Ra3 26. Bc1 Ra4 27. Qf2 Qa5 28. R4d2 Ne4 29. Qf3 Nxd2 30. Rxd2 Rxa2 31. d6 exd6 32. exd6 Rxd2 33. Bxd2 Rd8 34. Kg2 Rxd6 0-1

[Event "ECU Clasif1 U20"]
[Site "Chess.com INT"]
[Date "2020.12.17"]
[Round "8"]
[White "Aspiazu Sibri, Marlon Steven"]
[Black "Wong Pages, Juan Diego"]
[Result "1/2-1/2"]
[WhiteElo "1957"]
[BlackElo "1849"]
[PlyCount "88"]
[EventDate "2020.12.17"]
[EventType "swiss"]
[EventRounds "9"]
[EventCountry "ECU"]
[SourceTitle "EXT 2022"]
[Source "ChessBase"]
[SourceDate "2021.10.06"]
[SourceVersion "1"]
[SourceVersionDate "2021.10.06"]
[SourceQuality "1"]

1. c4 c5 2. Nc3 Nc6 3. g3 g6 4. Bg2 Bg7 5. e3 e6 6. Nge2 Nge7 7. 0-0 0-0 8. d4 cxd4 9. Nxd4 d5 10. cxd5 Nxd5 11. Nxd5 exd5 12. b3 Nxd4 13. exd4 Bf5 14. Be3 Rc8 15. Rc1 Qa5 16. Qd2 Qxd2 17. Bxd2 Bxd4 18. Bb4 Rfd8 19. Rxc8 Rxc8 20. Rd1 Rc2 21. Be1 Bc5 22. Bxd5 b6 23. b4 Be7 24. Bb3 Rc7 25. f3 h5 26. h4 Kg7 27. Kg2 Bf6 28. Bf2 Re7 29. Rd2 Bc3 30. Bd4+ Bxd4 31. Rxd4 Re2+ 32. Kf1 Rb2 33. g4 hxg4 34. fxg4 Bb1 35. Rd7 Bxa2 36. Rxf7+ Kh8 37. Bxa2 Rxa2 38. b5 Ra5 39. Kg2 Rxb5 40. Rxa7 Rb3 41. h5 gxh5 42. gxh5 Rb5 43. Rb7 Rxh5 44. Rxb6 Rg5+ 1/2-1/2

[Event "ECU Clasif1 U20"]
[Site "Chess.com INT"]
[Date "2020.12.17"]
[Round "7"]
[White "Jaramillo Arce, David"]
[Black "Wong Pages, Juan Diego"]
[Result "0-1"]
[WhiteElo "1974"]
[BlackElo "1849"]
[PlyCount "52"]
[EventDate "2020.12.17"]
[EventType "swiss"]
[EventRounds "9"]
[EventCountry "ECU"]
[SourceTitle "EXT 2022"]
[Source "ChessBase"]
[SourceDate "2021.10.06"]
[SourceVersion "1"]
[SourceVersionDate "2021.10.06"]
[SourceQuality "1"]

1. d4 Nf6 2. c4 g6 3. g3 d5 4. Bg2 Bg7 5. cxd5 Nxd5 6. Nf3 0-0 7. 0-0 c5 8. dxc5 Na6 9. c6 bxc6 10. e4 Ndb4 11. Nc3 Be6 12. Qa4 Qb6 13. a3 Nd3 14. Qc2 Nxc1 15. Raxc1 Rad8 16. Na4 Qb5 17. Qxc6 Bd7 18. Qxb5 Bxb5 19. Nc3 Bxf1 20. Bxf1 Nc5 21. Nd5 Nxe4 22. Nxe7+ Kh8 23. b4 Bf6 24. Nc6 Rc8 25. Ba6 Nc3 26. Na5 Ne2+ 0-1

[Event "ECU Clasif1 U20"]
[Site "Chess.com INT"]
[Date "2020.12.17"]
[Round "6"]
[White "Wong Pages, Juan Diego"]
[Black "Flores Quillas, Diego Saul Rodrigo"]
[Result "0-1"]
[WhiteElo "1849"]
[BlackElo "2245"]
[PlyCount "94"]
[EventDate "2020.12.17"]
[EventType "swiss"]
[EventRounds "9"]
[EventCountry "ECU"]
[SourceTitle "EXT 2022"]
[Source "ChessBase"]
[SourceDate "2021.10.06"]
[SourceVersion "1"]
[SourceVersionDate "2021.10.06"]
[SourceQuality "1"]

1. e4 c5 2. Nf3 e6 3. d4 cxd4 4. Nxd4 Nf6 5. Bd3 Nc6 6. Nxc6 dxc6 7. e5 Qa5+ 8. Nc3 Qxe5+ 9. Be3 Bc5 10. Qf3 Bxe3 11. fxe3 0-0 12. 0-0-0 Nd5 13. Nxd5 exd5 14. Rdf1 Be6 15. g4 a5 16. h4 a4 17. a3 b5 18. c3 Rab8 19. Qe2 b4 20. cxb4 Rfc8 21. Kb1 c5 22. bxc5 Rxc5 23. Rc1 Rxc1+ 24. Rxc1 Bxg4 25. Qc2 g6 26. Rg1 Be6 27. h5 Qxe3 28. Rf1 Rc8 29. Qd1 Bg4 30. Qxg4 Qxd3+ 31. Ka2 Qxf1 32. Qxc8+ Kg7 33. Qc3+ Kh6 34. hxg6 hxg6 35. Qd2+ Kg7 36. Qxd5 Qf4 37. Qd3 g5 38. Qc3+ Kg6 39. Qc6+ Qf6 40. Qxa4 Qe6+ 41. Kb1 g4 42. Qc2+ f5 43. a4 g3 44. a5 Qe4 45. a6 g2 46. Qxe4 fxe4 47. a7 g1Q+ 0-1

[Event "ECU-ch U20"]
[Site "Guayaquil"]
[Date "2020.02.23"]
[Round "8"]
[White "Wong Pages, Juan Diego"]
[Black "Velasco Pilpe, Isacc Israel"]
[Result "0-1"]
[WhiteElo "1970"]
[BlackElo "1776"]
[PlyCount "43"]
[EventDate "2020.02.19"]
[EventType "swiss"]
[EventRounds "9"]
[EventCountry "ECU"]
[SourceTitle "CBM 195 Extra"]
[Source "ChessBase"]
[SourceDate "2020.05.31"]
[SourceVersion "1"]
[SourceVersionDate "2020.05.31"]
[SourceQuality "1"]

1. e4 c5 2. Nf3 Nc6 3. d4 cxd4 4. Nxd4 Qb6 5. Nb3 Nf6 6. Nc3 e6 7. a3 a6 8. Be3 Qc7 9. f4 d6 10. a4 b6 11. Be2 Bb7 12. Bf3 Be7 13. Qe2 Nb4 14. 0-0 0-0 15. f5 d5 16. exd5 exd5 17. Qf2 Qe5 18. g4 Nxc2 19. Qxc2 Qxe3+ 20. Kh1 Bb4 21. Nd1 Qf4 22. Qg2 0-1